Southville International School and Colleges
Your cart is empty.
  • Cart
  • Lists
    Public lists Eva Luna New books Lux_list list_1
    Your lists Log in to create your own lists
  • Log in to your account
  • Your cookies
  • Search history
Southville International School and Colleges
  • Advanced search
  • Recent comments
  • Most popular
  • Libraries

Log in to your account

Log in with GOOGLE


If you do not have an external account, but do have a local account, you can still log in:

  1. Home
  2. MARC view: Case studies in gerontological nursing for the advanced practice nurse /
Normal view MARC view ISBD view

Case studies in gerontological nursing for the advanced practice nurse / (Record no. 284492)

[ view plain ]
MARC details
000 -LEADER
fixed length control field 01191cam a22003374a 4500
001 - CONTROL NUMBER
control field 16759439
003 - CONTROL NUMBER IDENTIFIER
control field PILC
005 - DATE AND TIME OF LATEST TRANSACTION
control field 20150528150532.0
008 - FIXED-LENGTH DATA ELEMENTS--GENERAL INFORMATION
fixed length control field 110427s2012 enka b 001 0 eng
010 ## - LIBRARY OF CONGRESS CONTROL NUMBER
LC control number 2011017809
020 ## - INTERNATIONAL STANDARD BOOK NUMBER
International Standard Book Number 9780813823782 (pbk. : alk. paper)
020 ## - INTERNATIONAL STANDARD BOOK NUMBER
International Standard Book Number 0813823781 (pbk. : alk. paper)
035 ## - SYSTEM CONTROL NUMBER
System control number (DNLM)101559414
040 ## - CATALOGING SOURCE
Original cataloging agency DNLM/DLC
Transcribing agency DLC
Modifying agency DLC
042 ## - AUTHENTICATION CODE
Authentication code pcc
050 00 - LIBRARY OF CONGRESS CALL NUMBER
Classification number RC 954
Item number .C337 2012
060 10 - NATIONAL LIBRARY OF MEDICINE CALL NUMBER
Classification number WY 152
082 00 - DEWEY DECIMAL CLASSIFICATION NUMBER
Classification number 618.97/0231
245 00 - TITLE STATEMENT
Title Case studies in gerontological nursing for the advanced practice nurse /
Statement of responsibility, etc editors, Meredith Wallace Kazer, Leslie Neal-Boylan.
260 ## - PUBLICATION, DISTRIBUTION, ETC. (IMPRINT)
Place of publication, distribution, etc Chichester, West Sussex :
Name of publisher, distributor, etc Wiley-Blackwell,
Date of publication, distribution, etc 2012.
300 ## - PHYSICAL DESCRIPTION
Extent xxv, 398 pages ;
Dimensions 25 cm.
500 ## - GENERAL NOTE
General note Includes bibliographical references and index.
650 #0 - SUBJECT ADDED ENTRY--TOPICAL TERM
Topical term or geographic name as entry element Geriatric nursing
Form subdivision Case studies.
650 12 - SUBJECT ADDED ENTRY--TOPICAL TERM
Topical term or geographic name as entry element Nursing Care
Form subdivision Case Reports.
650 22 - SUBJECT ADDED ENTRY--TOPICAL TERM
Topical term or geographic name as entry element Aged.
700 1# - ADDED ENTRY--PERSONAL NAME
Personal name Kazer, Meredith Wallace,
Titles and other words associated with a name PhD, RN.
700 1# - ADDED ENTRY--PERSONAL NAME
Personal name Neal-Boylan, Leslie.
906 ## - LOCAL DATA ELEMENT F, LDF (RLIN)
a 7
b cbc
c orignew
d 1
e ecip
f 20
g y-gencatlg
942 ## - ADDED ENTRY ELEMENTS (KOHA)
Source of classification or shelving scheme Library of Congress Classification
Koha item type Books
Call number prefix Foreign
Holdings
Withdrawn status Lost status Source of classification or shelving scheme Damaged status Home library Current library Shelving location Date acquired Source of acquisition Cost, normal purchase price Total Checkouts Total Renewals Full call number Barcode Date last seen Date checked out Price effective from Koha item type
    Library of Congress Classification   College Library College Library Reserve Section 05/28/2015 Library Fund 3278.00 1 12 RC 954 .C337 2012 C19417 05/15/2018 07/08/2016 05/28/2015 Books

Case studies in gerontological nursing for the advanced practice nurse /

APA

Kazer M. W., Neal-Boylan L., . (2012). Case studies in gerontological nursing for the advanced practice nurse. Chichester, West Sussex: Wiley-Blackwell.

Chicago

Kazer Meredith Wallace, Neal-Boylan Leslie, . 2012. Case studies in gerontological nursing for the advanced practice nurse. Chichester, West Sussex: Wiley-Blackwell.

Harvard

Kazer M. W., Neal-Boylan L., . (2012). Case studies in gerontological nursing for the advanced practice nurse. Chichester, West Sussex: Wiley-Blackwell.

MLA

Kazer Meredith Wallace, Neal-Boylan Leslie, . Case studies in gerontological nursing for the advanced practice nurse. Chichester, West Sussex: Wiley-Blackwell. 2012.

  • Place hold
  • Print
  • Cite
  • Add to your cart (remove)
  • Save record
    BIBTEX Dublin Core MARCXML MARC (non-Unicode/MARC-8) MARC (Unicode/UTF-8) MARC (Unicode/UTF-8, Standard) MODS (XML) RIS
  • More searches
    Search for this title in:
    Other Libraries (WorldCat) Other Databases (Google Scholar) Online Stores (Bookfinder.com) Open Library (openlibrary.org)

Exporting to Dublin Core...

SOUTHVILLE LIBRARY

Southville International School and Colleges Library

1281 Tropical Ave. Cor. Luxembourg St., BF Homes International, Las Pinas City

Tel. No. 8256374 / 252358 Loc. 117/146

Powered by Koha